000 00784nam a2200289 a 4500
003 AR-BaBNM
005 20251128203705.0
008 082120s2002 ||||||||||||||000 | spa||
020 _a950-16-6105-9
040 _cAR-BaBNM
100 1 _aBavio, Carmen
245 0 0 _aPalabras en periplo
_btaller de ortografía
250 _a1ª ed.
260 _aBuenos Aires
_bTroquel
_c1990
300 _a127 p.
_bil., gráfs., tablas
490 0 _aCuadernos taller
650 4 _aENSEÑANZA DE LA ORTOGRAFIA
650 4 _aTALLERES [METODO PEDAGOGICO]
650 4 _aJUEGOS EDUCATIVOS
650 4 _aTRABAJO EN EQUIPO
650 4 _aACTIVIDADES DE APRENDIZAJE
650 4 _aCREATIVIDAD
700 1 _aCéspedes, Cora
700 1 _aCaffarena, Graciela
942 _cBK
998 _cCarmen
999 _c4508
_d4508